000 00632nam a22002537a 4500
003 UA-OsUOA
001 30469
007 ta
008 20041110b un ||||| |||| 00| 0 ukr d
100 _aМатюшин Г.Н.
090 _a902+904(038)
_bМ35
942 _cBK
040 _aUA-OsUOA
_brus
_cUA-OsUOA
_dUA-OsUOA
245 _aАрхеологический словарь
300 _a304 с.
_bІлюстрації
955 _a0
041 _arus
080 _a902+904(038)
020 _a5-09-004958-0
260 _aМосква
_bПросвещение
_c1996
044 _aRU
650 7 _2UDC
999 _c316881
_d316881